00416nam a2200133Ia 4500008004100000100002200041245002900063250000800092260000900100260001500109300001300124999001700137952012800154220927s9999 xx 000 0 und d aSnell, Richard S. 0aClinical Anatomy Regions a9th a2012 bLippincott axi,754p. c67608d67605 00104070aQUESTCLbQUESTCLd2022-10-06eAllied Book Companyg3248.51l0o611/1 (Shelf 1A)ptest1r2022-10-06 00:00:00yBK